| 000 | 00888pam a2200289 a 4500 | ||
|---|---|---|---|
| 001 | 85285 | ||
| 003 | GBCCL | ||
| 005 | 20241126110409.0 | ||
| 008 | 830406s1983 cau b 001 0 eng | ||
| 010 | _a 83008616 | ||
| 020 |
_a0830708952 (pbk.) : _c$5.95 |
||
| 035 | _a(OCoLC)09441180 | ||
| 040 |
_aDLC _cDLC _dLBB |
||
| 049 | _aLBBK | ||
| 050 | 0 |
_aBV2061 _b.W347 1983 |
|
| 082 | 0 |
_a266 _219 _bWAG |
|
| 090 |
_aBV2061 _b.W347 1983 |
||
| 100 | 1 |
_aWagner, C. Peter. _92967 |
|
| 245 | 1 | 0 |
_aOn the crest of the wave : _bbecoming a world Christian / _cC. Peter Wagner. |
| 246 | 1 | 3 | _aStop the world. I want to get on. |
| 260 |
_aVentura, Calif. : _bRegal Books, _cc1983. |
||
| 300 |
_a195 p. ; _c21 cm. |
||
| 500 | _a"Based on Stop the world, I want to get on"--T.p. verso. | ||
| 504 | _aIncludes bibliographical references and index. | ||
| 650 | 0 |
_aMissions. _9885 |
|
| 942 |
_2ddc _cBK _01 |
||
| 999 |
_c1780 _d1780 |
||